| 000 | 00615nam a2200229Ia 4500 | ||
|---|---|---|---|
| 008 | 180523s9999 xx 000 0 und d | ||
| 020 | _a978-1-529-00797-2 | ||
| 050 | _aMAIN GT 3405 | ||
| 050 | _b.W73 2011 c.2 | ||
| 100 | _aWrathall, Jeff. | ||
| 245 | 0 | _aEvent management : | |
| 245 | 0 | _btheory and practice / | |
| 245 | 0 | _cJeff Wrathall, Abby Gee. | |
| 260 | _aCanada : | ||
| 260 | _bMcGraw-Hill, | ||
| 260 | _c2011 | ||
| 300 | _a408 pages : | ||
| 300 | _billustrations ; | ||
| 300 | _c23 cm. | ||
| 500 | _aIncludes index. | ||
| 650 | _aSpecial events -- Management -- Problems, exercises, etc. | ||
| 999 |
_c356707 _d356707 |
||